| 000 | 01073 a2200205 4500 | ||
|---|---|---|---|
| 003 | NUST | ||
| 005 | 20221027181413.0 | ||
| 010 | _a 77091305 | ||
| 020 | _a01205956055 | ||
| 040 | _cNust | ||
| 082 | 0 | 0 | _a510,ANT |
| 100 | 1 |
_aAnton, Howard. _98661 |
|
| 245 | 1 | 0 |
_aApplied finite mathematics, with calculus / _cHoward Anton, Bernard Kolman. |
| 260 |
_aNew York : _bAcademic Press, _cc1978. |
||
| 300 |
_axvii, 760 p. : _bill. ; _c24 cm. |
||
| 505 | _aSet Theory (Page-1), Coordinate Systems And Graphs (Page-43), Linear Programming (Page-83), Matrices And Linear System (Page-102), Linear Programming (Page-155), Probability (Page-201), Statistics (Page-274), Applications (Page-344), Mathematics Of Finance (Page-411), Computers (Page-442), Functions, Limits And Rates Of Change (Page-488), The Derivative (Page-525), Applications Of Differentiation (Page-559), Integration (Page-621), Applications Of Integration (Page-662), Application of Integration (Page- 674). | ||
| 650 | 0 | _aMathematics. | |
| 700 | 1 |
_aKolman, Bernard, _d1932- _917978 |
|
| 942 |
_2ddc _cBK _k510,ANT |
||
| 999 |
_c179983 _d179983 |
||